Movies Quiz

Random Movies or Marvel Quiz
Score 0/14 Timer 02:30
6 Plays Today
% Correct
Hulk
94.5%
Captain America
92.3%
Nebula
88.5%
Rocket
88%
Happy Hogan
85.2%
Ebony Maw
84.1%
Spider-Man
83.3%
% Correct
Hawkeye
82.1%
Ant-Man
78.9%
Thor
78.4%
Star-Lord
76.8%
Drax
74.7%
Loki
73.9%
Bucky Barnes
73.4%
Remove Ads.
Support Sporcle.
Get the best of Sporcle when you Go Orange. This ad-free experience offers more features, more stats, and more fun while also helping to support Sporcle. Thank you for becoming a member.

You're not logged in!

Compare scores with friends on all Sporcle quizzes.
OR
Log In

Sporcle TV

Today on Sporcle TV


Watch our educational content, quiz creation guides, and fun videos on Sporcle TV.

Show Comments

Extras

Top Quizzes Today


Score Distribution

Paid Content

Your Account Isn't Verified!

In order to create a playlist on Sporcle, you need to verify the email address you used during registration. Go to your Sporcle Settings to finish the process.

Report this User

Report this user for behavior that violates our Community Guidelines.

Details: